000 00534nam a2200193Ia 4500
005 20250326143516.0
008 250326s9999 xx 000 0 und d
020 _a81-7188-484-9
037 _aTextbook
040 _aFMSL
_beng
_cFMSL
041 _aeng
_2eng
084 _aX:89ZB P4
_qFMSL
100 _aHelpman E
_9744776
245 0 _aMystery of economic growth
_cHelpman E
260 _aNew Delhi
_bNew Delhi, Academic Foundation
_c2004
300 _a223p
942 _cTB
_hX:89ZB P4
999 _c1299870
_d1299870